| 000 | 00767cab a2200253 4500 | ||
|---|---|---|---|
| 001 | X3535 | ||
| 008 | 090401t1996 xxu||||| |||| 00| 0 eng d | ||
| 035 | _a(Sirsi) u31037 | ||
| 041 | _aeng | ||
| 100 | _aKeeping, M. | ||
| 245 | _aRe-use of redundant MoD site | ||
| 260 | _c1996 | ||
| 350 | _a0 | ||
| 490 |
_aCSM (Chartered Surveyor Monthly) _v5(8) May 1996, 22-23(2) |
||
| 520 | _aReports on the process used in order to effect a re-use of Waltham Abbey Royal Gundpowder Factory as a heritage and recreation centre. | ||
| 650 | _aCONVERSIONS | ||
| 650 | _aMOD BUILDINGS | ||
| 650 | _aREDUNDANT BUILDINGS | ||
| 650 | _aWALTHAM FOREST ROYAL GUNPOWDER FACTORY | ||
| 690 | _aCONSERVATION | ||
| 700 | _aComerford, J. | ||
| 942 | _n0 | ||
| 948 | _c04/03/1997 | ||
| 999 |
_c20867 _d20867 |
||